Stimuly pre výskum a vývoj v Slovenskej republiky
Význam vedy, výskumu, nových technológií a inovácií v národnej ekonomike sa neustále zvyšuje. Napriek tomu Slovenská republika je v tejto problematike pod priemerom Európskej únie. Z tohto dôvodu sú prijaté opatrenia, ktoré majú za cieľ zvýšiť atraktívnosť a dostupnosť výskumných a vývojových aktiví...
Enregistré dans:
| Auteur principal: | |
|---|---|
| Autres auteurs: | |
| Format: | Chapitre de livre |
| Langue: | slovaque |
| Sujets: | |
| Tags: |
Pas de tags, Soyez le premier à ajouter un tag!
|
MARC
| LEADER | 00000naa$a2200000$$$4500 | ||
|---|---|---|---|
| 001 | 0249909 | ||
| 005 | 20240524070712.2 | ||
| 041 | 0 | |a slo | |
| 044 | |a SK | ||
| 245 | 1 | 0 | |a Stimuly pre výskum a vývoj v Slovenskej republiky |c Adam Bartoš, Monika Jančovičová |
| 520 | |a Význam vedy, výskumu, nových technológií a inovácií v národnej ekonomike sa neustále zvyšuje. Napriek tomu Slovenská republika je v tejto problematike pod priemerom Európskej únie. Z tohto dôvodu sú prijaté opatrenia, ktoré majú za cieľ zvýšiť atraktívnosť a dostupnosť výskumných a vývojových aktivít pre podnikateľské subjekty. | ||
| 610 | 2 | 0 | |a inovácie technologické |
| 610 | 2 | 0 | |a veda |
| 610 | 2 | 0 | |a výskum |
| 610 | 2 | 0 | |a stimuly |
| 610 | 2 | 0 | |a ekonomika regionálna |
| 610 | 2 | 0 | |a podnikatelia |
| 610 | 2 | 0 | |a prostredie podnikateľské |
| 100 | 1 | |a Bartoš, Adam | |
| 700 | 1 | |a Jančovičová, Monika, 1991- | |